00309nam a2200097Ia 45000010005000000080041000050820019000461000054000652450068001192600024001871405241024s9999 xx 000 0 und d aRD/370.1/R426g aRepública Dominicana. Ministerio de Educación 0aGestión escolar centrada en la enseñanza y los aprendizajes bSanto Domingoc2008